Normal view
MARC view
Entry Personal Name
001 - CONTROL NUMBER
- control field: 538293
003 - CONTROL NUMBER IDENTIFIER
- control field: OSt
005 - DATE AND TIME OF LATEST TRANSACTION
- control field: 20220930080210.0
008 - FIXED-LENGTH DATA ELEMENTS
- fixed length control field: 220930|| aca||aabn | a|a d
040 ## - CATALOGING SOURCE
- Original cataloging agency: OSt
- Transcribing agency: OSt
100 ## - HEADING--PERSONAL NAME
- Personal name: Arora Smriti Kaur
670 ## - SOURCE DATA FOUND
- Source citation: Work cat.: (OSt)869446: Arora Smriti Kaur, Randomized comparative study of sublingual misoprostol versus intravenous methylergometrine in the management of third stage of labour, 2006
